Debr's Mental Health (Psychiatric Nursing) (Record no. 362186)
[ view plain ]
| 000 -LEADER | |
|---|---|
| fixed length control field | 00503 a2200205 4500 |
| 003 - CONTROL NUMBER IDENTIFIER | |
| control field | OSt |
| 005 - DATE AND TIME OF LATEST TRANSACTION | |
| control field | 20241122113326.0 |
| 008 - FIXED-LENGTH DATA ELEMENTS--GENERAL INFORMATION | |
| fixed length control field | 241122b |||||||| |||| 00| 0 eng d |
| 010 ## - LIBRARY OF CONGRESS CONTROL NUMBER | |
| LC control number | E |
| 020 ## - INTERNATIONAL STANDARD BOOK NUMBER | |
| International Standard Book Number | 9789381579473 |
| 041 ## - LANGUAGE CODE | |
| Language code of sung or spoken text | Eng |
| 082 ## - DEWEY DECIMAL CLASSIFICATION NUMBER | |
| Classification number | 610.73/RAJ |
| 100 ## - MAIN ENTRY--PERSONAL NAME | |
| Personal name | Raj, Elakkuvana Bhaskara |
| 9 (RLIN) | 209086 |
| 245 ## - TITLE STATEMENT | |
| Title | Debr's Mental Health (Psychiatric Nursing) |
| 250 ## - EDITION STATEMENT | |
| Edition statement | 1 |
| 260 ## - PUBLICATION, DISTRIBUTION, ETC. (IMPRINT) | |
| Name of publisher, distributor, etc. | EMMESS |
| Date of publication, distribution, etc. | 2017 |
| Place of publication, distribution, etc. | Bangalore |
| 300 ## - PHYSICAL DESCRIPTION | |
| Extent | 770 Pg. |
| 650 ## - SUBJECT ADDED ENTRY--TOPICAL TERM | |
| Topical term or geographic name as entry element | Mental Health Nursing |
| 942 ## - ADDED ENTRY ELEMENTS (KOHA) | |
| Source of classification or shelving scheme | Dewey Decimal Classification |
| Koha item type | Books |
| Withdrawn status | Lost status | Source of classification or shelving scheme | Damaged status | Not for loan | Home library | Current library | Date acquired | Vendor | Cost, normal purchase price | Total Checkouts | Total Renewals | Full call number | Barcode | Checked out | Date last seen | Date last checked out | Cost, replacement price | Bill Date | Koha item type | Original Barcode |
|---|---|---|---|---|---|---|---|---|---|---|---|---|---|---|---|---|---|---|---|---|
| Dewey Decimal Classification | Sitabai Nargundkar College of Nursing Nagpur | Sitabai Nargundkar College of Nursing Nagpur | 21/11/2024 | 29 | 1106.30 | 4 | 1 | 610.73/ RAJ | SNCN-BK-3436 | 29/04/2026 | 30/03/2026 | 30/03/2026 | 1495.00 | 21/11/2024 | Books | 3436 | ||||
| Dewey Decimal Classification | Sitabai Nargundkar College of Nursing Nagpur | Sitabai Nargundkar College of Nursing Nagpur | 21/11/2024 | 29 | 1106.30 | 6 | 610.73/ RAJ | SNCN-BK-3437 | 29/12/2025 | 19/11/2025 | 1495.00 | 21/11/2024 | Books | 3437 |